01693nam a2200421Ia 4500001000700000008004100007035001600048041000800064084001300072110005700085245022400142260006800366300003600434490003400470500028900504650002500793650002500818650002800843650001700871650001400888650003300902650002700935650002400962650002500986650002201011650002401033650002501057650002401082650001701106650001301123650002301136650002401159650001401183650001901197650000901216650001301225700003301238036491221003s2011 xx 000 0 spa d aCENDO_26513 aspa aCR-00604 aFUNDACION PAZ Y SOLIDARIDAD SERAFIN ALIAGAcEspaña 0a movimiento sindical andino :bautoreforma, integración y unidad /cFundación Paz y Solidaridad Serafín Aliaga ; localizaciones, guión, apoyo documental y selección de piezas Lorena Cabrerizo ... [et al.] a[S.l.] :bFundación Paz y Solidaridad Serafín Aliaga,c2011 a1 DVD (35 minutos) : son., col. aCrónicas audiovisuales ;v5 aDocumental. - Incluye un cuadernillo de 16 páginas: El movimiento sindical andino: autoreforma, integración y unidad; Visita al área andina; Integración regional y globalización; Autoreforma en las organizaciones sindicales andinas; La equidad de género en los sindicatos aSOLIDARIDAD SINDICAL 0aFUNCIONARIO SINDICAL aRECONOCIMIENTO SINDICAL aSINDICALISMO aFORMACION 0aDERECHOS DE LOS TRABAJADORES aCONDICIONES DE TRABAJO aDERECHOS SINDICALES aDESARROLLO ECONOMICO aDESARROLLO SOCIAL aAYUDA AL DESARROLLO aCOOPERACION REGIONAL aPAPEL DEL SINDICATO aSINDICALISMO aHISTORIA aPAIS EN DESARROLLO aCONCERTACION SOCIAL aSINDICATO aAMERICA LATINA aPERU aCOLOMBIA1 aCABRERIZO SANZ, Lorenaecol.